|
|
|
|
| LEADER |
00722cam a2200229 a 4500 |
| 001 |
0000039640 |
| 005 |
19990511090000.0 |
| 040 |
|
|
|a mod
|
| 041 |
|
|
|a eng
|
| 020 |
0 |
0 |
|a T000016256
|
| 090 |
0 |
0 |
|a 345
|b SCH
|
| 100 |
1 |
0 |
|a SCHWARTZ
|h Louis B
|
| 245 |
1 |
0 |
|a Law enforcement handbook for police
|c by Louis B.Schwartz and Stephen R. Goldstein
|
| 260 |
0 |
0 |
|a Minnesota
|b West Pub.
|c 1970
|
| 300 |
0 |
0 |
|a xxi, 333p.
|b ill.
|c 23cm
|
| 440 |
0 |
0 |
|a Criminal Justice Series
|
| 650 |
0 |
0 |
|a Police
|z United States
|x Handbooks, manual, etc
|
| 650 |
0 |
0 |
|a Law enforcement
|z United States
|
| 650 |
0 |
0 |
|a Criminal law
|z United States
|
| 700 |
1 |
1 |
|a GOLDSTEIN
|h Stephen R
|
| 852 |
0 |
0 |
|a 01
|
| 999 |
|
|
|a 0045434
|b KEMENTAH
|d BOOKS
|e Rujukan
|f Perpustakaan KEMENTAH
|j AVAILABLE
|q OLD
|